Statistics for Most Common Elements On Earth

Click here to take the quiz!

General Stats

  • This quiz has been taken 161 times
  • The average score is 4 of 8

Answer Stats

HintAnswer% Correct
46.6%Oxygen
89%
5.0%Iron
77%
2.1%Magnesium
51%
27.7%Silicon
50%
3.6%Calcium
45%
2.8%Sodium
44%
2.6%Potassium
40%
8.1%Aluminum
26%

Score Distribution

Percentile by Number Answered

Percent of People with Each Score

Your Score History

You have not taken this quiz